| 000 | 01138cam a2200217 4500 | ||
|---|---|---|---|
| 001 | WB3936-10 | ||
| 008 | 030923n2003 000 0 eng u | ||
| 035 | _a(Sirsi) u123691 | ||
| 245 | _aSolar energy projects gain extra funding | ||
| 260 | _c2003 | ||
| 490 |
_aDTI Press Release _v(P/2003/479) 22 September 2003 (5) |
||
| 520 | _aNew renewable energy projects including the first in Northern Ireland have received £1.65m funding as part of the DTI's £20m Major Photovoltaic Demonstration Programme, which helps householders, public buildings,community projects and commercial ventures convert to solar power. This is the fifth set of medium and large-scale projects approved since the programme began in 2002. Further information about the demonstration programme can be found at http://www.est.co.uk/solar/. http://www.gnn.gov.uk/gnn/national.nsf/TI/D514E626D4F7B4D580256DA90047D3E8?opendocument | ||
| 590 | _aWB | ||
| 650 | _aRENEWABLE ENERGY | ||
| 650 | _aPHOTOVOLTAICS | ||
| 650 | _aSOLAR POWER | ||
| 650 | _aFUNDING | ||
| 650 | _aNORTHERN IRELAND | ||
| 690 | _aENVIRONMENTAL AND LAND CONSULTANCY-ENERGY | ||
| 942 | _n0 | ||
| 999 |
_c73436 _d73436 |
||